Norway Top 10 Biggest Cities By Population - Statistics

General Stats
  • This quiz has been taken 38 times
  • The average score is 5 of 10
Answer Stats
Hint Answer % Correct
1,043,168 Oslo
93%
265,470 Bergen
86%
191,771 Trondheim
79%
65 506 Kristiansand
68%
229,911 Stavanger
64%
117,510 Drammen
50%
117,663 Fredrikstad
25%
93,065 Skien
21%
52,625 Ålesund
18%
51,887 Tønsberg
14%
No matching quizzes found
Score Distribution
Percent of People with Each Score
Percentile by Number Answered
Your Score History
You have not taken this quiz